000 00791nam a2200265Ia 4500
003 OSt
005 20220924125748.0
006 a|||||r|||| 00| 0
007 ta
008 220923b |||||||| |||| 00| 0 per d
020 _a9789643214241 (pbk)
020 _cINR 400.00
024 _a353732
037 _b2361, 12/02/2020, M.R. Publications
_cTextual
040 _aARTS
_cARTS
_bper
041 _2per
_aper
082 _aO164,3v, Q9
100 _aMaskoob Shahrukh Au.
_9198851
245 0 _aHoiyat-e-Irani-o-zuban farsi
260 _aTehran
_bFarzan publishers Iran
_c2019
300 _a189p.
_ccm.
650 _aPERSIAN FICTION
942 _hO164,3v, Q9
_cTEXL
_2CC
999 _c423300
_d423300